[Event "Tashkent FIDE GP"]
[Site "Tashkent"]
[Date "2014.10.21"]
[Round "1"]
[White "Mamedyarov, Shakhriyar"]
[Black "Andreikin, Dmitry"]
[Result "0-1"]
[WhiteElo "2764"]
[BlackElo "2722"]
[Annotator "Roiz,M"]
[PlyCount "102"]
[EventDate "2014.10.21"]
[EventType "tourn"]
[EventRounds "11"]
[EventCountry "UZB"]
[EventCategory "21"]
[SourceTitle "CBM 163"]
[Source "ChessBase"]
[SourceDate "2014.11.11"]
[SourceVersion "1"]
[SourceVersionDate "2014.11.11"]
[SourceQuality "1"]

1. d4 d5 2. c4 c6 3. Nf3 Nf6 4. Nc3 a6 5. e3 e6 6. Qc2 Nbd7 {GM Andreikin goes
for a side line of the Meran.} (6... c5 7. cxd5 exd5 8. Be2 {is a well known
theoretical line, where Shakhriyar has a lot of experience.}) 7. b3 Bd6 8. Bb2
{White's setup is standard, while Black has to prove, that a7-a6 wasn't a
waste of time.} O-O ({The immediate} 8... e5 9. dxe5 Nxe5 {gives White some
extra options, such as} 10. O-O-O $5 O-O 11. Kb1 {with good attacking
prospects.}) 9. Be2 e5 (9... b5 10. O-O Bb7 11. c5 Bc7 12. b4 $14 {is somewhat
better for White.}) 10. cxd5 cxd5 11. dxe5 Nxe5 {This position is still well
known from the past.} 12. O-O ({White may postpone castling, but it hardly
should pose Black any serious problems:} 12. Rd1 Be6 13. O-O Rc8 14. Qb1 Nc6 (
14... Nfg4 15. Nxe5 Bxe5 16. Bxg4 Bxg4 17. Rxd5 Qc7 18. h3 Be6 19. Rd3 $14 {
1-0 Kovalenko,I (2586) -Sandipan,C (2590)/Jurmala LAT 2013 (68)}) 15. Qa1 Re8
16. Rd2 Qe7 (16... Bf8 $6 17. Rfd1 Qa5 18. Rc1 h6 19. h3 b5 20. Rdd1 $14 {
1-0 Avrukh,B (2632)-Kornev,A (2544)/ Dagomys 2008/CBM 124 (78)}) 17. Rfd1 Bb8
$132) 12... Be6 {Avoiding the exchanges in order to keep some attacking
potential, which may compensate for the weak isolated pawn.} ({After} 12... Bg4
13. Nxe5 Bxe5 14. Bxg4 Nxg4 15. h3 Nf6 {Black has a solid, but rather passive
position. For isntance,} 16. Qf5 (16. Ne2 Rc8 17. Qb1 Qe7 18. Bxe5 Qxe5 19. Nd4
$14 {1-0 Carlsen,M (2881)-Korobov, A (2680)/Dubai UAE 2014 (33)}) 16... Re8 17.
Rac1 Qa5 (17... Rc8 18. Qb1 Bb8 19. Ne2 Ne4 20. Qd3 $14) 18. f4 $14 {0-1
Delchev,A (2629)-Van Wely,L (2686)/Melilla 2011/CBM 146 (57)}) 13. Rac1 {
White's queen is rather vulnerable, so Shakhriyar is preparing a comfortable
setup for his pieces.} (13. Nxe5 Bxe5 14. f4 Bc7 15. Bf3 Rc8 16. Qd3 Re8 17.
Kh1 Qd7 $11) 13... Rc8 14. Qb1 Nfg4 $1 {The isolated pawn requires energetic
play.} ({The quiet} 14... Nc6 15. Rfd1 Qe7 16. Na4 $14 {doesn't solve all the
problems.}) 15. Nxe5 ({Of course, not} 15. h3 $2 Nxf3+ 16. Bxf3 Nh2 $17) (15.
g3 Nxf3+ 16. Bxf3 Qf6 $1 {isn't dangerous for Black:} 17. Bxg4 Bxg4 18. Ne4 Qf3
19. Ng5 Qf5 $11) 15... Bxe5 16. h3 ({The immediate} 16. Bxg4 {looks harmless -
Black's pair of bishops is an important factor here, as was proved in the
following game between great players:} Bxg4 17. Na4 Bb8 18. Rxc8 Bxc8 19. Bd4
Re8 20. Nc3 Qd6 21. f4 f6 $11 {1/2-1/2 Portisch,L (2630)-Kasparov,G (2595)/
Dubai 1986/TD (71)}) 16... Bh2+ $1 ({Correctly deviating from} 16... Nf6 17.
Rfd1 Qa5 18. Na4 Bxb2 19. Qxb2 Ne4 20. Bd3 $14 {and Black is doomed to a
passive defence.}) 17. Kh1 Bb8 18. Bxg4 Bxg4 19. Qd3 $146 {This innovation
doesn't really change the evaluation of the line, but Dmitry had some
practical problems to solve.} ({After} 19. f4 Qh4 {White has nothing better
than accepting a draw:} 20. Nxd5 (20. Qc2 $6 Ba7 21. Qd2 {is too risky:} Rcd8 (
21... Rfe8 $6 {1/2-1/2 Kovalyov,A (2525)-Haslinger,S (2500)/Benidorm 2008/CBM
123 Extra (30)} 22. Nxd5 Rcd8 23. e4 $14) 22. Na4 Rfe8 $15) 20... Bxh3 21. gxh3
Qxh3+ 22. Kg1 Qg3+ $11) (19. Nxd5 Qxd5 20. hxg4 Qg5 21. Kg1 Qxg4 $11) 19... Qd6
$6 {This natural move is inaccurate - Black's position lacks harmony now.} ({
A much safer try was:} 19... Be6 20. f4 f6 (20... Re8 21. Rfd1 d4 (21... Qh4 $5
) 22. Qxd4 Qxd4 23. Rxd4 h5 $44) 21. Rfd1 Qd6 22. Nxd5 $140 Rcd8 23. Nb4 Qxb4
24. Qxd8 Rxd8 25. Rxd8+ Kf7 26. Rxb8 Bd5 27. f5 Bc6 28. Rxc6 Qe1+ 29. Kh2 bxc6
$11) 20. f4 Be6 21. Rcd1 $1 {That's the point! The pressure along the d-file
is stronger now - the queen on d6 is unprotected, so e3-e4 is coming.} Qc5 {
Black finds nothing better than giving up a pawn immeditely.} (21... Rfe8 22.
e4 $1 f6 (22... d4 23. Ne2 f6 24. Nxd4 Bf7 25. Qf3 $14) 23. Nxd5 Bxd5 24. exd5
$14) (21... Rfd8 22. e4 d4 (22... dxe4 $6 23. Qxd6 Rxd6 24. Rxd6 Bxd6 25. f5
Be5 (25... Bd7 26. Rd1 $18) 26. fxe6 fxe6 27. Nd1 $16) 23. Ne2 $14) 22. Nxd5 ({
It seems} 22. e4 $1 {was even more promising for Shakhriyar:} f6 (22... dxe4
23. Nxe4 Qc2 24. f5 Qxb2 25. fxe6 Qe5 26. exf7+ Kh8 27. g3 Rcd8 28. Qf3 $16)
23. Nxd5 Bxd5 24. exd5 Bd6 25. Qf5 Rce8 26. Bd4 $16) 22... Bxd5 23. Qxd5 Qxd5
24. Rxd5 Ba7 $14 {White is a pawn up now, but the activity of Black's pieces
gives him excellent drawing chances.} 25. e4 ({The double rook endgame arising
after} 25. Bd4 Bxd4 26. Rxd4 Rc2 27. a4 h6 28. e4 Rfc8 $14 {should be holdable
for Black.}) 25... Rfe8 (25... Rc2 26. Ba1 (26. Ba3 Rfc8 27. Rd7 Rxa2 $11)
26... Rxa2 27. Rd7 f6 28. e5 (28. Rxb7 $6 Rf7 29. Rb4 (29. Rxf7 {is not
dangerous for Black either:} Kxf7 30. e5 Bb8 31. exf6 gxf6 32. g3 h5 $11) 29...
Rc7 {with sufficient counterplay.}) 28... Rf7 $1 29. Rd8+ Rf8 30. Rxf8+ Kxf8
31. exf6 gxf6 32. Bxf6 Bc5 $14) 26. e5 (26. Rg5 g6 27. Re5 Rxe5 28. Bxe5 Kf8
29. Rd1 Ke7 30. Rd2 $14) 26... Rc2 27. Rb1 $6 {It is hardly possible to pose
Black any serious problems with such a passive rook.} (27. Ba1 Rxa2 28. Rd7 Kf8
29. Rxb7 Re7 30. Rb4 Rc7 31. Rd1 $14) 27... h5 $1 28. Rd7 Rf2 ({Even simpler
was} 28... h4 $1 29. Rxb7 Be3 $11 {and if} 30. f5 $6 Rd8 {Black takes over the
initiative.}) 29. Rxb7 Be3 30. f5 {White is trying to give up one pawn in a
better situation.} Rxf5 31. Re1 {That's the point - White's rook cannot be
activated now.} Rf2 $6 {Dmitry prefers to enter into the rook ending, but it
doesn't guarantee an easy life.} (31... Bh6 $1 {seems much safer:} 32. a4 Rc8
33. Bd4 Rc2 34. b4 (34. Ra7 Rg5 35. Rxa6 Rgxg2 $11) 34... Rg5 35. Rg1 Rg3 36.
a5 Rd2 $11) 32. Rxe3 Rxb2 33. a4 Re6 34. Kh2 $1 {A good prophylactic move,
which enables White to parry the threats and keep an extra pawn.} h4 (34... Rg6
35. Rg3 Re6 36. Ra7 $14) 35. Re4 f5 {Honestly speaking, this move is not the
best, but White had to solve some concerete problems.} ({Objectively, Dmitry
should have opted for} 35... g5 36. Re1 Rf2 37. Kg1 Rb2 38. Rf1 Rxe5 39. Rbxf7
Rxb3 40. R7f5 $14 {Black should be able to hold this position with precise
defence.}) 36. Rd4 $1 {It looks like White's winning chances are getting more
significant, but...} Rc6 (36... Rxe5 37. Rdd7 Kh7 38. Rxg7+ Kh6 39. Rh7+ Kg6
40. Rbg7+ Kf6 41. Rg8 $16) (36... Re2 37. b4 Re4 38. Rxe4 fxe4 39. Kg1 Rxe5 40.
b5 axb5 41. Rxb5 Re6 42. Rb4 $16) 37. Rb8+ {Shakhriyar's move is natural - he
wants to liquadate the Ph4 as soon as it possible.} ({Another decent
possibility was} 37. Rd6 $5 Rc1 (37... Rxd6 38. exd6 Rd2 39. Rb6 f4 40. Kg1 $16
) 38. Rd8+ Kh7 39. Rdd7 Rbb1 40. Rxg7+ Kh6 41. Rh7+ Kg5 42. Rbg7+ Kf4 43. Rxh4+
Kxe5 44. Re7+ Kf6 45. Rb7 $16) 37... Kh7 38. Rxh4+ Kg6 39. Rhh8 Rcc2 40. Kg3 $2
{The first serious mistake of Mamedyarov comes on move 40, and the edge is
gone.} ({Instead} 40. Rb6+ Kf7 (40... Kg5 41. h4+ Kf4 42. Rg6 Rb1 43. Rd8 Rcc1
44. Rd4+ Kxe5 45. Rb4 a5 46. Rb5+ Ke4 47. Rxg7 f4 48. Re7+ Kd4 49. Kh3 $16) 41.
e6+ Ke7 42. Kg3 Rc3+ 43. Kf4 Rf2+ 44. Kg5 Rxg2+ 45. Kxf5 Rf2+ 46. Ke5 Re2+ 47.
Kd4 $16 {led to a difficult position for Black.}) 40... Rxg2+ 41. Kh4 Rbe2 {
Now Black is out of danger.} 42. Rb6+ Kf7 43. e6+ $6 {The first step into a
wrong direction - White's king is in a danger zone now.} ({Much simpler was} 
43. Rb7+ Ke6 44. Re8+ Kd5 45. Rd7+ Ke4 46. Rg8 g6 47. Rd6 $11) 43... Rxe6 44.
Rxe6 (44. Rb7+ Kf6 45. Rf8+ Kg6 $19) 44... Kxe6 45. b4 {That is not a mistake
yet, but Shakhriyar is letting Black make progress too easily!} (45. Kh5 $6 {
was dangerous:} Ke7 (45... f4 46. Rf8 Ke5 47. b4 Rb2 48. b5 axb5 49. axb5 Rxb5
50. Kg4 $11) 46. Ra8 f4 47. Ra7+ Kf8 48. Ra8+ Kf7 49. Ra7+ Kg8 50. Ra8+ Kh7 51.
Ra7 a5 $17) ({But} 45. Rf8 $1 {was good enough:} a5 (45... f4 46. Kh5 Ke5 47.
b4 Rg3 48. h4 $11) 46. b4 axb4 47. a5 {and White's strong a-pawn saves the day:
} Kd5 (47... Ra2 48. Rb8 Rxa5 49. Rxb4 $11) 48. a6 Ra2 49. Ra8 Kc4 50. Kg5 Ra4
51. Kxf5 Kb5 52. Rb8+ Kxa6 53. Kg6 $11) 45... g5+ 46. Kh5 g4 47. Kh4 $4 {
Only this is a decisive mistake, which leads to a dramatic loss for Mamedyarov!
} ({His task was already not easy, but the precise} 47. Re8+ Kf7 48. Re3 {
still enables White to save a half point:} Kf6 49. b5 axb5 50. axb5 f4 51. Re1
gxh3 (51... f3 52. b6 gxh3 53. b7 Rg8 54. Rf1 $11) 52. Kh4 Rg3 53. Rh1 Kf5 54.
Rh2 (54. b6 Rb3 $19) 54... Rb3 55. Rxh3 Rxb5 56. Ra3 $11) 47... g3 $19 {
Now Black's pawns are too strong.} 48. b5 (48. Re8+ Kd5 49. Rf8 Ke5 50. Re8+
Kf4 $19) 48... axb5 49. axb5 f4 50. Rg8 Kd7 51. Rg7+ Kc8 0-1

[Event "Tashkent FIDE GP"]
[Site "Tashkent"]
[Date "2014.10.27"]
[Round "6"]
[White "Andreikin, Dmitry"]
[Black "Karjakin, Sergey"]
[Result "1-0"]
[WhiteElo "2722"]
[BlackElo "2767"]
[Annotator "Andreikin,D"]
[PlyCount "67"]
[EventDate "2014.10.21"]
[EventType "tourn"]
[EventRounds "11"]
[EventCountry "UZB"]
[EventCategory "21"]
[SourceTitle "CBM 163"]
[Source "ChessBase"]
[SourceDate "2014.11.11"]
[SourceVersion "1"]
[SourceVersionDate "2014.11.11"]
[SourceQuality "1"]

1. d4 Nf6 2. Nf3 e6 3. Bg5 c5 4. Nc3 {This is a rare move, which allows White
to develop quickly. Before this I preferred 4.e3.} cxd4 (4... d5 5. e4 $14) (
4... h6 5. Bxf6 Qxf6 6. d5 $14) 5. Qxd4 Nc6 6. Qh4 Bb4 {This move allows White
to force the game and simplify the position.} ({Another possible move is} 6...
Be7 7. e4 Qa5 8. O-O-O a6 {with a more varied game for both sides.}) 7. e4 ({
Another interesting possibility was} 7. O-O-O Bxc3 8. bxc3 h6 9. Nd2 $5 Qe7 10.
Bxf6 Qxf6 11. Qxf6 gxf6 12. Ne4 Ke7 13. Nd6 {White has a perfect knight on d6
but is it possible to benefit from it?}) 7... Bxc3+ {If the bishop moved to b4
it should sooner or later take the white knight.} (7... h6 8. Bd3 {leads to a
transposition of moves.}) 8. bxc3 h6 9. Bd3 (9. Bb5 $5 Rg8 $1 (9... O-O 10.
Bxf6 (10. Bxc6 hxg5 11. Nxg5 Qa5 12. O-O bxc6 13. f4 $44) 10... Qxf6 11. Qxf6
gxf6 12. O-O-O $14) 10. Bd2 g5 11. Qxh6 Rg6 12. Qh8+ Rg8 13. Qh6 $11) 9... d6
$1 {I like this move. It reduces White's opportunities.} (9... Rg8 $6 10. Be3
g5 11. Qg3 d6 12. Nd4 $14) (9... O-O $6 10. Bxh6 $1 gxh6 11. Qxh6 Ng4 (11... e5
12. Ng5 $18) 12. Qf4 f5 13. exf5 exf5 14. Bc4+ d5 15. O-O-O $40) 10. Rd1 (10.
O-O Rg8 11. Bxf6 Qxf6 12. Qg3 Ke7 $11) 10... Rg8 $1 {This is typical for this
line. Black has managed to equalise in the opening, but has spent too much
time.} 11. Be3 $6 {Replacing the bishop in itse initial position is better for
some reasons.} (11. Bc1 $1 g5 12. Qg3 e5 (12... g4 13. Nd4 {the white queen
has important space for a retreat to e3.}) 13. Nd2 Nh5 14. Qe3 Nf4 15. Bf1 $1
$16 {Having moved his pieces back White is ready to develop a dangerous
initiative and to attack the d6-pawn.}) 11... e5 12. Bb5 Qc7 $6 {This move was
made after much thought.} ({At the press conference after the game Sergey said
he considered it too dangerous to play} 12... g5 $5 13. Nxg5 hxg5 14. Bxg5 Rxg5
15. Qxg5 Nxe4 16. Qe3 Nf6 17. O-O {The computer prefers Black's position. So
did I during the game, but my opponent was in time trouble. Besides White has
another backup 13.Qxh6 which leads to a draw.}) 13. Nd2 {Now my pieces attack
on the queenside. The position is equal, but Black has to defend.} Be6 14. f3 {
At that moment I was quite satisfied with the opening. The position was
complicated and I had more time.} Qa5 $2 {A nervous move.} ({Black should
naturally play in the centre} 14... O-O-O 15. Qf2 d5 $1 16. Bxa7 Nxa7 (16... d4
$5 17. Bxc6 bxc6 18. Bxd4 exd4 19. cxd4 Qa7 20. c3 Qa6 $1 $132 {I blundered
this move during the game}) 17. Qxa7 dxe4 18. O-O exf3 19. Nxf3 Ne4 20. Qa8+
Qb8 21. Qa5 Qc7 22. Qa8+ Qb8 $11) 15. c4 Ke7 (15... Qxa2 16. O-O Qxc2 17. Qf2
$36 {The position looks dangerous for Black.}) 16. O-O g5 $6 {A careless move.}
(16... Rgd8 17. Nb3 Qc7 $14) 17. Qf2 Rgd8 (17... Rad8 $5) 18. h4 $1 $16 {
White attacks the other side. It is difficult for Black to defend the position
being in timetrouble.} Nh7 19. hxg5 hxg5 20. g4 $5 {I saw the possibility to
win a pawn:} (20. Nb3 $5 Qc7 21. c5 d5 22. exd5 Rxd5 (22... Bxd5 23. c4 Be6 24.
Rd6 $1 $18) 23. Rxd5 Bxd5 24. Qd2 Rd8 25. Bxg5+ {but here the position gets
simplified, which I didn't want.}) 20... f6 21. Kg2 Nf8 22. Rh1 Bf7 $2 {
This move simplifies White's task.} ({During the game I hoped to play} 22...
Nb4 $2 23. Bxg5 $1 fxg5 24. Qe3 Kf6 25. Rh5 $18) 23. Nf1 $1 {I had planned the
transfer of the knight when playing 20.g4. In this position the move of the
knight is especially strong.} Bg6 24. Bd2 $6 {It is easier to play} (24. Ng3
Kf7 25. Nf5 Bxf5 26. exf5 $18 {with White's domination.}) 24... Qb6 25. Ne3 Kf7
26. Qe1 Ne6 27. Nf5 {In the centre of the board the knight looks nice but not
so effective.} (27. Nd5 Qc5 28. Be3 Qa3 $16) 27... Qc7 {A decisive mistake,
however my opponent had one minute for 13 moves, so the result was already
predetermined.} 28. c5 $1 {This move allows me to get the white bishop
involved into the attack.} dxc5 29. Bc4 $18 b5 30. Bd5 Rac8 31. Rh6 Ncd4 32.
Ba5 {The most effective way to the victory.} Nxc2 33. Qh1 Qxa5 34. Rh7+ 1-0